| 000 | 00416nam a2200145Ia 4500 | ||
|---|---|---|---|
| 008 | 141214s1994||||xx |||||||||||||| ||und|| | ||
| 082 |
_a641.59 _bG/3 |
||
| 245 | _aPescados, mariscos y salsas | ||
| 260 |
_aBarcelona : _bOcéano, _c1994 |
||
| 300 |
_aLa gran cocina paso a paso _b3 |
||
| 650 |
_aCocina internacional _xPescados _xMariscos _xSalsas _xRecetas |
||
| 942 |
_cLIBRO _2ddc |
||
| 999 |
_c3230 _d3230 |
||